928 Miles from Home / (Record no. 5305)
[ view plain ]
| 000 -LEADER | |
|---|---|
| fixed length control field | 01818nam a22002777a 4500 |
| 001 - CONTROL NUMBER | |
| control field | 5305 |
| 003 - CONTROL NUMBER IDENTIFIER | |
| control field | FISKH |
| 005 - DATE AND TIME OF LATEST TRANSACTION | |
| control field | 20241125142059.0 |
| 008 - FIXED-LENGTH DATA ELEMENTS--GENERAL INFORMATION | |
| fixed length control field | 241125b cb ||||| |||| 00| 0 eng d |
| 020 ## - INTERNATIONAL STANDARD BOOK NUMBER | |
| International Standard Book Number | 9781509842254 |
| 040 ## - CATALOGING SOURCE | |
| Original cataloging agency | FISKH |
| Language of cataloging | eng |
| Transcribing agency | FISKH |
| Modifying agency | FISKH |
| 082 ## - DEWEY DECIMAL CLASSIFICATION NUMBER | |
| Classification number | 823.92 |
| 100 ## - MAIN ENTRY--PERSONAL NAME | |
| Personal name | Slater, Kim |
| 245 ## - TITLE STATEMENT | |
| Title | 928 Miles from Home / |
| Statement of responsibility, etc. | by Kim Slater |
| 250 ## - EDITION STATEMENT | |
| Edition statement | First published 2017 |
| 260 ## - PUBLICATION, DISTRIBUTION, ETC. | |
| Place of publication, distribution, etc. | London : |
| Name of publisher, distributor, etc. | Macmillan Children's Books ; |
| Date of publication, distribution, etc. | 2017 . |
| 300 ## - PHYSICAL DESCRIPTION | |
| Extent | 317 pages : |
| Other physical details | illustrations ; |
| Dimensions | 21 cm . |
| 505 ## - FORMATTED CONTENTS NOTE | |
| Formatted contents note | S <br/> |
| 520 ## - SUMMARY, ETC. | |
| Summary, etc. | Fourteen year old Calum Brooks has big dreams. One day he'll escape this boring life and write movies, proper ones, with massive budgets and A-list stars. For now though, he's stuck coping alone while his dad works away, writing scripts in his head and trying to stay 'in' with his gang of mates at school, who don't like new kids, especially foreign ones.But when his father invites his new Polish girlfriend and her son, Sergi, to move in, Calum's life is turned upside down. He's actually sharing a room with 'the enemy'! How's he going to explain that to his mates? Yet when Calum is knocked down in a hit-and-run and breaks both legs, everything changes. Trapped at home, Calum and Sergi slowly start to understand each other, and even work together to investigate a series of break-ins at the local community centre. But Calum can't help feeling that Sergei's hiding something. Is he really trying to help, or to cover up his own involvement in the crime?928 Miles from Home is a powerful new story from the multi-award-winning author of Smart and A Seven-Letter Word, Kim Slater. |
| 521 8# - TARGET AUDIENCE NOTE | |
| Target audience note | 790 <br/> |
| Source | Lexile estimate <br/> |
| 521 8# - TARGET AUDIENCE NOTE | |
| Target audience note | S <br/> |
| Source | Raz-Plus <br/> |
| 650 ## - SUBJECT ADDED ENTRY--TOPICAL TERM | |
| Topical term or geographic name entry element | home |
| Form subdivision | Fiction |
| 650 ## - SUBJECT ADDED ENTRY--TOPICAL TERM | |
| Topical term or geographic name entry element | big dream |
| Form subdivision | Fiction |
| 942 ## - ADDED ENTRY ELEMENTS (KOHA) | |
| Source of classification or shelving scheme | Dewey Decimal Classification |
| Koha item type | Books |
| Suppress in OPAC | No |
| Withdrawn status | Lost status | Source of classification or shelving scheme | Damaged status | Not for loan | Collection | Home library | Current library | Shelving location | Date acquired | Total Checkouts | Full call number | Barcode | Date last seen | Date last checked out | Price effective from | Koha item type |
|---|---|---|---|---|---|---|---|---|---|---|---|---|---|---|---|---|
| Dewey Decimal Classification | Fiction | Footprints International School Library Network Toul Tom Poung Campus | Footprints International School Library Network Toul Tom Poung Campus | TTP Secondary Fiction Bookshelves | 11/25/2024 | 2 | SLA 823.92 | FISSE03177 | 09/11/2025 | 08/20/2025 | 11/25/2024 | Books |
